Patrimonio inmaterial en el Ecuador (Registro nro. 2016)

Detalles MARC
000 -LEADER
fixed length control field 02193nam a22001937a 4500
003 - CONTROL NUMBER IDENTIFIER
control field OSt
005 - DATE AND TIME OF LATEST TRANSACTION
control field 20251210170019.0
008 - FIXED-LENGTH DATA ELEMENTS--GENERAL INFORMATION
fixed length control field 251210b |||||||| |||| 00| 0 spa d
020 ## - INTERNATIONAL STANDARD BOOK NUMBER
International Standard Book Number 9789978103968
100 ## - MAIN ENTRY--PERSONAL NAME
Personal name Patricio Guerrero ; Marco Rubio ; Diego Velasco ; Cesar Lutuala ; Germania Anguieta ; Salomón Acosta ; José Chala ; José Juncosa ; Fernando Rosero ; Gabriela López ; Isabel Rohn ; Victoria Zambonino ; María Gabriela Guevara ; Eloísa Crbonell ; Mario Ojeda ; Raúl Peñafiel ; Victoria Rodríguez ; Juan Ubilla ; Freddy Simbaña ; María Fernanda Tanai ; Iris Pico
245 ## - TITLE STATEMENT
Title Patrimonio inmaterial en el Ecuador
250 ## - EDITION STATEMENT
Edition statement 1ra Edición
260 ## - PUBLICATION, DISTRIBUTION, ETC.
Place of publication, distribution, etc. Quito - Ecuador
Name of publisher, distributor, etc. Universidad Politécnica Salesiana ; Abya-Yala,
Date of publication, distribution, etc. 2020
300 ## - PHYSICAL DESCRIPTION
Extent 243 páginas
Other physical details ablas
Dimensions 21 cm
520 ## - SUMMARY, ETC.
Summary, etc. Las tradiciones, en contextos de fragilidades geopolíticas, se han visto afectadas por prácticas oculturizantes. Estas, unidas al consumismo y al mercantilismo, pasan, de manera silenciosa, a la trastienda del imperio monocultural. Con la Declaratoria del Patrimonio Inmaterial realizada en la convención de París, en 2003, y ratificada por Ecuador en 2005, se crea una mayor conciencia sobre la importancia de salvaguardar la memoria social y patrimonio colectivo de los pueblos. El presente texto documenta la participación ciudadana en esa tarea de cuidar los saberes y prácticas que son parte de la vida cotidiana de las comunidades, ciudades, pueblos y colectivos; por tanto, parte del patrimonio inmaterial y legado cultural para las presentes y futuras generaciones. Desde la academia, con actores de pueblos, docentes y funcionarios públicos, este libro reflexiona sobre el tema. Frente al inexistente diálogo y pese a la poca documentación existente, este diálogo se convierte en una antesala para la concreación de la Ley Orgánica de Cultura con régimen especial para el patrimonio cultural inmaterial en el Ecuador (2016) y su reglamento (2017). Con esto, la política pública habilita la gestión responsable en torno al cuidado del patrimonio inmaterial en el país.
650 ## - SUBJECT ADDED ENTRY--TOPICAL TERM
Topical term or geographic name entry element ANTROPOLOGIA CULTURAL
650 ## - SUBJECT ADDED ENTRY--TOPICAL TERM
Topical term or geographic name entry element POLITICAS PUBLICAS
942 ## - ADDED ENTRY ELEMENTS (KOHA)
Source of classification or shelving scheme Dewey Decimal Classification
Koha item type Acceso Libre
Suppress in OPAC No
Existencias
Withdrawn status Lost status Source of classification or shelving scheme Damaged status Not for loan Collection Home library Current library Shelving location Date acquired Inventory number Total checkouts Full call number Barcode Date last seen Copy number Price effective from Koha item type
    Dewey Decimal Classification     Estantería F Fila 2 Biblioteca Stanford Biblioteca Stanford Biblioteca Abierta 10.12.2025 0446   Patrimonio inmaterial en el Ecuador BIBLIO0446 10.12.2025 1 10.12.2025 Acceso Libre
Bienvenido a nuestra Biblioteca